000 01723cam a2200493 4500
001 22707
003 SK-KTurca
005 20260421144306.0
008 210624s2019 xo a br 010 j slo
015 _aSNBA2019/05
020 _a9788055165738
_q(viazané)
035 _a1F753775-AED9-4ABB-8955-9D165B659A38
035 _aurn:nbn:sk:snk-am3iepu
035 _aurn:nbn:sk:snk-am00e76v
040 _aZKSE
_bslo
_cZKSE
_dSNK
_erda
041 1 _aslo
_heng
044 _axo
_cSK
072 7 _a821.111(73)-3
_xAmerická próza
_2konspekt
072 7 _a82-93
_xLiteratúra pre deti a mládež (beletria)
_2konspekt
080 _a821.111(73)-32
_22011
080 _a82-93-053.4/.5
_22011
080 _a(093.3)
_22011
100 1 _aKinney, Jeff,
_d1971-
_4aut
240 1 0 _aDiary of a Wimpy Kid: The Meltdown
_lSlovensky
245 1 0 _aDenník odvážneho bojka
_n13
_pSnehová bitka
_cJeff Kinney ; z anglického originálu Diary of a Wimpy Kid: The meltdown ... preložila Elena Guričanová
246 3 0 _aSnehová bitka
264 1 _aBratislava
_bIkar
_c2019
300 _a217 strán
_bilustrácie
_c21 cm
336 _atext
_btxt
_2rdacontent
336 _astatický obraz
_bsti
_2rdacontent
337 _abez média
_bn
_2rdamedia
338 _azväzok
_bnc
_2rdacarrier
500 _aPreložené z angličtiny
521 8 _aPre čitateľov od 10 rokov
655 7 _aamerické príbehy
_2SNKPH
655 7 _adenníky
_2SNKPH
655 7 _aAmerican stories
_2SNKPHeng
655 7 _aChildren's literature
_2SNKPHeng
655 7 _aliteratúra pre deti
_2SNKPH
655 7 _aDiaries
_2SNKPHeng
700 1 _aGuričanová, Elena
_4trl
787 0 8 _iZo série:
_tDenník odvážneho bojka
_g13
942 _2ddc
_cKLDE
_n0
999 _c22707
_d22707